Pays organisateur de la coupe du monde de football - Mort subite - Statistiques

Statistiques générales
  • Ce quiz a été pris 94 fois
  • Le résultat moyen est 13 sur 16
Answers on the Grid
Answers color-coded by a green-red scale on the quiz's grid according to % correct below.
Suisse
Ghana
Autriche
Suède
Thaïlande
Chine
Russie
Inde
Angleterre
Corée Du Sud
Afrique du Sud
Qatar
Italie
Russie
Allemagne
Sénégal
Bolivie
Argentine
Belgique
France
Espagne
Colombie
Brésil
Danemark
Mexique
Etats Unis
Australie
 
Statistiques - réponses
Réponse % Correct
Etats Unis
91%
Brésil
89%
France
89%
Italie
89%
Angleterre
88%
Allemagne
87%
Russie
87%
Qatar
85%
Russie
85%
Espagne
84%
Mexique
84%
Afrique du Sud
83%
Argentine
79%
Corée Du Sud
77%
Suède
57%
Suisse
54%
Aucun quiz correspondant
Distribution des résultats
% des personnes avec chaque résultat
Percentile par nombre de réponses
Votre historique - résultats
Vous n’avez pas pris ce quiz